000 00577nam a2200229Ia 4500
003 OSt
005 20220924133045.0
006 a|||||r|||| 00| 0
007 ta
008 220923b |||||||| |||| 00| 0 tam d
024 _a256342
037 _cTextual
040 _aARTS
_cARTS
_btam
041 _2tam
_atam
082 _aO31,1B8:g, P3
100 _aGurunathav
_9205542
245 0 _aParananooru
_b Moolavum uraiyun
260 _c2003
650 _aTAMIL LITERATURE
942 _hO31,1B8:g, P3
_cTEXL
_2CC
999 _c432449
_d432449